000 00516nam a2200205Ia 4500
005 20240823022354.0
008 240823s9999||||xx |||||||||||||| ||und||
020 _a978-203-3239-3
041 _aENGLISH
082 _A519.2 P7
100 _a"Hentenryck,Pascal Van"
245 0 _aOnline Stochastic Combinatorial Optimization
250 _a1st
260 _c2007
_b"PHI,.New "
_aNew Delhi
500 _aYES
650 _aStochastic
_bMathematics
700 _a" Bent,Russell"
942 _cBK
999 _c179007
_d179007